Evropská integrace - Statistics

General Stats
  • This quiz has been taken 16 times
  • The average score is 9 of 31
Answer Stats
Otázka Odpověď % Correct
Kdo je autorem spisu Monarchie, ve kterém hovoří o vytvoření univerzální monarchie a zajištění míru v Evropě? Dante Alighieri
88%
Který český panovník přišel v 15. století s návrhem Unie evropských států k řešení sporů mírovou cestou Jiří z Poděbrad
88%
Který francouzský prezident dvakrát vetoval připojení Británie do EHS a inicioval takzvanou „krizi prázdné židle“ Charles de Gaulle
75%
Kdo založil hnutí Mladá Evropa a stal se jedním z prvních zastánců Spojených států evropských složených z demokratických republik? Giuseppe Mazzini
63%
Vyjmenujte další dva otce zakladatele pocházející z Itálie a Německa, kteří významně formovali poválečné integrační snahy. Alcide de Gasperi a Konrad Adenauer
50%
Který filozof vydal v roce 1795 Ideu věčného míru a navrhoval svazek národů založený na republikánském zřízení? Immanuel Kant
50%
Který francouzský úředník a diplomat je považován za skutečného hybatele a tvůrce Schumanova plánu? Jean Monnet
50%
Jak se jmenuje mezivládní organizace se sídlem ve Štrasburku založená v roce 1949, která stojí mimo struktury EU a dbá na ochranu lidských práv? Rada Evropy
50%
Kdo byli autoři Manifestu z Ventotene, socialisticky laděného textu volajícího po evropské federaci? Altiero Spinelli a Ernesto Rossi
38%
Který francouzský politik a ministr zahraničí navrhl na půdě Společnosti národů v roce 1929 vytvoření Evropské federální unie? Aristide Briand
38%
Které evropské instituci náleží výlučná legislativní iniciativa, správa většiny unijních výdajů a označení „strážkyně smluv“? Evropská komise
38%
Který francouzský spisovatel hájil myšlenku Spojených států evropských na Kongresu míru v Paříži v roce 1849? Victor Hugo
38%
Kdo navrhoval ve své Eseji o míru v Evropě z roku 1693 založení evropského sněmu? William Penn
38%
Kdo ve svém projevu v Curychu v září 1946 burcoval k vytvoření Spojených států evropských a zaštítění nové Evropy Winston Churchill
38%
Která sdružující obchodní organizace vznikla v roce 1960 na základě Stockholmské úmluvy pro země neúčastnící se integrace v rámci EHS? Evropské sdružení volného obchodu (ESVO)
25%
Jak se nazývá vrcholná instituce složená z hlav států nebo předsedů vlád, která sama nepřijímá legislativu, ale určuje hlavní politické směry unie? Evropská rada
25%
Který francouzský ministr zahraničí navrhl v květnu 1950 integraci uhelného a ocelářského průmyslu pod nadnárodní instituci? Robert Schuman
25%
Kdo se v roce 2019 stal předsedkyní Evropské komise jakožto bývalá německá ministryně obrany? Ursula von der Leyen
25%
Jaký francouzský politik navázal na Panevropské myšlenky knihou Spojené státy evropské v roce 1930, do kterých zahrnoval i Británii? Edouard Herriot
13%
Jak se jmenoval silný předseda Evropské komise z let 1985–1995, který stál u zrodu Jednotného evropského aktu a programu vnitřního trhu? Jacques Delors
13%
Po jaké konferenci států „šestky“ v roce 1955 byl sestaven tzv. Spaakův výbor, který následně připravil půdu pro Římské smlouvy? Konference v Messině
13%
Jaká organizace vznikla v roce 1948 jako institucionální podpora pro Marshallův plán k hospodářské obnově západní Evropy Organizace pro evropskou hospodářskou spolupráci (OEEC)
13%
Který politik navrhl v roce 1950 plán pojmenovaný po něm, který počítal se vznikem Evropského obranného společenství a evropské armády? René Pleven
13%
Kdo je autorem knihy Panevropa z roku 1923 a zakladatelem Panevropského hnutí? Richard Coudenhove-Kalergi
13%
Jak se jmenovala výkonná instituce Evropského společenství uhlí a oceli, jež byla bezprostřední předchůdkyní dnešní Komise? Vysoký úřad (High Authority)
13%
Jak se označoval neúspěšný francouzský návrh z let 1961–1962 usilující o čistě mezivládní Evropské politické společenství? Fouchetův plán
0%
Kdo je autorem zprávy z roku 1975 navrhující institucionální reformy, včetně zavedení přímých voleb do Evropského parlamentu? Leo Tindemans
0%
Která instituce se skládá z ministrů podle jednotlivých portfolií, spolurozhoduje v legislativním procesu a každého půl roku rotuje její předsednictví Rada Evropské unie (Rada ministrů)
0%
Která prominentní eurofilní politička se po prvních přímých volbách v roce 1979 stala klíčovou osobností Evropského parlamentu? Simone Veil
0%
Během funkčního období kterého francouzského prezidenta byla formálně založena Evropská rada sloužící k setkávání hlav států a vlád? Valéry Giscard d'Estaing
0%
Kdo předsedal kvazi-ústavodárnému shromáždění zvanému Konvent o budoucnosti Evropy v letech 2002–2003 pověřenému sepsáním návrhu Ústavní smlouvy? Valéry Giscard d'Estaing
0%
No matching quizzes found
Score Distribution
Percent of People with Each Score
Percentile by Number Answered
Your Score History
You have not taken this quiz